LEADER 01234nam0 22003013i 450 001 RML0514603 005 20231121125805.0 010 $a9782070714957 100 $a20230608d1988 ||||0itac50 ba 101 | $afre 102 $afr 181 1$6z01$ai $bxxxe 182 1$6z01$an 200 1 $aDiscours de réception de Georges Duby à l'Academie française et résponse d' Alain Peyrefitte$esuivis des allocutions prononcées à l'occasion de la remise de l'épée 210 $a[Paris]$cGallimard$d1988 215 $a114 p.$d19 cm 606 $aDuby, Georges$xDiscorsi$2FIR$3RMLC478698$9N 676 $a907.202$9Storici e storiografi.$v22 700 1$aDuby$b, Georges$f <1919-1996>$3CFIV005379$4070$011158 701 1$aPeyrefitte$b, Alain$3RAVV048138$4070$03707 801 3$aIT$bIT-01$c20230608 850 $aIT-FR0017 899 $aBiblioteca umanistica Giorgio Aprea$bFR0017 $eN 912 $aRML0514603 950 0$aBiblioteca umanistica Giorgio Aprea$d 52DGA S 462$e 52SBA0000296795 VMB RS $fA $h20230608$i20230608 977 $a 52 996 $aDiscours de réception de Georges Duby à l'Academie française et résponse d' Alain Peyrefitte$93634402 997 $aUNICAS LEADER 01198nam0 2200325 i 450 001 UBO0277579 005 20231121125853.0 010 $a8871877950 020 $aIT$b98-314 100 $a20141021d1997 ||||0itac50 ba 101 | $aita 102 $ait 181 1$6z01$ai $bxxxe 182 1$6z01$an 200 1 $aCantine & cantine$ela sfida possibile della cooperazione vinicola$fNicola Dante Basile 210 $aMilano$cIl sole-24 ore libri$d1997 215 $aVIII, 221 p.$d22 cm. 225 | $aStudi 410 0$1001CFI0169972$12001 $aStudi 606 $aCantine sociali$xItalia$2FIR$3RMLC400537$9I 676 $a334.6816632$9$v21 700 1$aBasile$b, Nicola Dante$3CFIV028164$4070$0460448 801 3$aIT$bIT-01$c20141021 850 $aIT-FR0098 899 $aBiblioteca Area Giuridico Economica$bFR0098 912 $aUBO0277579 950 0$aBiblioteca Area Giuridico Economica$d 53IMP 26 152$e 53VM 0000110895 VMB A4 barcode:ECO010896. - Inventario:6334. - Fondo:Sala consultazioneVM$fA $h20010801$i20121204 977 $a 53 996 $aCantine & cantine$91103074 997 $aUNICAS